<?xml version="1.0" encoding="UTF-8"?><?xml-stylesheet type="text/xsl" href="static/style.xsl"?><OAI-PMH xmlns="http://www.openarchives.org/OAI/2.0/" xmlns:xsi="http://www.w3.org/2001/XMLSchema-instance" xsi:schemaLocation="http://www.openarchives.org/OAI/2.0/ http://www.openarchives.org/OAI/2.0/OAI-PMH.xsd"><responseDate>2026-04-17T19:14:00Z</responseDate><request verb="GetRecord" identifier="oai:www.recercat.cat:20.500.12327/4780" metadataPrefix="marc">https://recercat.cat/oai/request</request><GetRecord><record><header><identifier>oai:recercat.cat:20.500.12327/4780</identifier><datestamp>2025-10-22T11:15:52Z</datestamp><setSpec>com_2072_4428</setSpec><setSpec>com_2072_4427</setSpec><setSpec>col_2072_487898</setSpec></header><metadata><record xmlns="http://www.loc.gov/MARC21/slim" xmlns:dcterms="http://purl.org/dc/terms/" xmlns:xsi="http://www.w3.org/2001/XMLSchema-instance" xmlns:doc="http://www.lyncode.com/xoai" xsi:schemaLocation="http://www.loc.gov/MARC21/slim http://www.loc.gov/standards/marcxml/schema/MARC21slim.xsd">
   <leader>00925njm 22002777a 4500</leader>
   <datafield ind2=" " ind1=" " tag="042">
      <subfield code="a">dc</subfield>
   </datafield>
   <datafield ind2=" " ind1=" " tag="720">
      <subfield code="a">EFSA Panel on Animal Health and Welfare (AHAW)</subfield>
      <subfield code="e">author</subfield>
   </datafield>
   <datafield ind2=" " ind1=" " tag="720">
      <subfield code="a">Saxmose Nielsen, Søren</subfield>
      <subfield code="e">author</subfield>
   </datafield>
   <datafield ind2=" " ind1=" " tag="720">
      <subfield code="a">Alvarez, Julio</subfield>
      <subfield code="e">author</subfield>
   </datafield>
   <datafield ind2=" " ind1=" " tag="720">
      <subfield code="a">Boklund, Anette</subfield>
      <subfield code="e">author</subfield>
   </datafield>
   <datafield ind2=" " ind1=" " tag="720">
      <subfield code="a">Dippel, Sabine</subfield>
      <subfield code="e">author</subfield>
   </datafield>
   <datafield ind2=" " ind1=" " tag="720">
      <subfield code="a">Dorea, Fernanda</subfield>
      <subfield code="e">author</subfield>
   </datafield>
   <datafield ind2=" " ind1=" " tag="720">
      <subfield code="a">Figuerola, Jordi</subfield>
      <subfield code="e">author</subfield>
   </datafield>
   <datafield ind2=" " ind1=" " tag="720">
      <subfield code="a">Herskin, Mette S.</subfield>
      <subfield code="e">author</subfield>
   </datafield>
   <datafield ind2=" " ind1=" " tag="720">
      <subfield code="a">Michel, Virginie</subfield>
      <subfield code="e">author</subfield>
   </datafield>
   <datafield ind2=" " ind1=" " tag="720">
      <subfield code="a">Marti, Sonia</subfield>
      <subfield code="e">author</subfield>
   </datafield>
   <datafield ind2=" " ind1=" " tag="260">
      <subfield code="c">2025-07-25</subfield>
   </datafield>
   <datafield ind2=" " ind1=" " tag="520">
      <subfield code="a">This Scientific Opinion provides an assessment of beef cattle welfare focusing on risks related to flooring, water access, nutrition and feeding, high environmental temperatures, lack of environmental enrichment, lack of outdoor access, minimum space allowance and mixing practices. In addition, risks related to pasture and feedlots, weaning of suckler calves, mutilations (castration, disbudding, dehorning and tail docking), and to breeding practices (hypermuscularity, dystocia and caesarean sections, polledness, maternal ability and temperament) are assessed. Decision-making criteria for the euthanasia of cull cows are also addressed. A selection of animal-based measures (ABMs) suitable for collection at slaughterhouses is proposed to monitor on-farm welfare of fattening cattle. Recommendations to improve the welfare of housed fattening cattle include increasing space allowance and feeding more roughage in relation to current practice, and promoting the use of well-managed bedded solid floors. Provision of enrichment such as brushes and roughage and an outdoor loafing area for housed cattle are recommended. Cattle kept outdoors should have access to a dry lying area and sufficient shade. Water should be provided ad libitum via large open water surfaces, and the use of nipple drinkers should be avoided. Mixing of unfamiliar cattle should be avoided and groups should be kept stable. Mutilations should be abstained from, but if carried out, a combination of analgesia and anaesthesia should be applied regardless of the calf's age. Early weaning of suckler calves should be avoided (&lt; 6 months). Homozygous double-muscled animals should be excluded from breeding. Selected ABMs for collection at slaughterhouses to monitor some of the highly relevant welfare consequences experienced by fattening cattle on farm are body condition, carcass fat levels, carcass condemnation, lung lesions and skin lesions. Key data gaps identified are thresholds for dietary fibre, ABM thresholds for fitness for transport and potential long-term effects of mutilations on pain sensitisation.</subfield>
   </datafield>
   <datafield ind1="8" ind2=" " tag="024">
      <subfield code="a">EFSA Panel on Animal Health and Welfare (AHAW), Søren Saxmose Nielsen, Julio Alvarez, Anette Boklund, Sabine Dippel, Fernanda Dorea, Jordi Figuerola, Mette S. Herskin, Virginie Michel, Miguel Angel Miranda Chueca, Eleonora Nannoni, Romolo Nonno, Anja B. Riber, Karl Stahl, Jan Arend Stegeman, Hans-Hermann Thulke, Frank Tuyttens, Giulio Cozzi, Ute Knierim, Sònia Martí, Siobhan Mullan, Sean Ashe, Giulia Cecchinato, Eliana Lima, Olaf Mosbach-Schulz, Marika Vitali, Martina Benedetta Zanna, Christoph Winckl. 2025. "Welfare of beef cattle". EFSA Journal 23 (7). doi:10.2903/j.efsa.2025.9518.</subfield>
   </datafield>
   <datafield ind1="8" ind2=" " tag="024">
      <subfield code="a">1831-4732</subfield>
   </datafield>
   <datafield ind1="8" ind2=" " tag="024">
      <subfield code="a">http://hdl.handle.net/20.500.12327/4780</subfield>
   </datafield>
   <datafield ind1="8" ind2=" " tag="024">
      <subfield code="a">https://doi.org/10.2903/j.efsa.2025.9518</subfield>
   </datafield>
   <datafield ind2="0" ind1="0" tag="245">
      <subfield code="a">Welfare of beef cattle</subfield>
   </datafield>
</record></metadata></record></GetRecord></OAI-PMH>